[Event "American Continental 15th"]
[Site "Sao Paulo"]
[Date "2019.07.07"]
[Round "4"]
[White "Lo Kim Lin, Frank"]
[Black "Januario, Severino Pereira"]
[Result "1-0"]
[WhiteElo "1823"]
[BlackElo "2112"]
[PlyCount "110"]
[EventDate "2019.07.05"]
[EventType "swiss"]
[EventRounds "11"]
[EventCountry "BRA"]
[SourceTitle "CBM 191 Extra"]
[Source "ChessBase"]
[SourceDate "2019.09.30"]
[SourceVersion "1"]
[SourceVersionDate "2019.09.30"]
[SourceQuality "1"]

1. e4 c5 2. Nf3 e6 3. d4 cxd4 4. Nxd4 a6 5. Be3 Nf6 6. Nc3 Qc7 7. Qd2 Bb4 8. f3 d5 9. exd5 Nxd5 10. Nde2 Nxe3 11. Qxe3 0-0 12. 0-0-0 Nc6 13. Ne4 b5 14. N2c3 Ne7 15. Qd4 Nc6 16. Qe3 Be7 17. f4 b4 18. Na4 Rb8 19. g4 b3 20. axb3 Nb4 21. Bc4 Bb7 22. Rhf1 Bd5 23. Nd2 h6 24. Kb1 Rfc8 25. Rfe1 Bd6 26. Rf1 Bb7 27. c3 Nd5 28. Bxd5 exd5 29. Qd4 Bc6 30. h4 Qd7 31. Nb6 Rxb6 32. Qxb6 Bb5 33. c4 Bc6 34. Qd4 Bb7 35. Nf3 Bc5 36. Qd3 Qxg4 37. Ne5 dxc4 38. bxc4 Qh5 39. Ka2 Bg2 40. Rfe1 f6 41. Nd7 Bf3 42. Rc1 Bb4 43. Rg1 Kh8 44. f5 Bc6 45. Qg3 Qf7 46. Nb6 Rg8 47. Rge1 Qb7 48. Nd5 Bc5 49. Nf4 Rb8 50. Qc3 Be4 51. Red1 Bb4 52. Qd4 Bc5 53. Ng6+ Kh7 54. Qc3 Bb4 55. Qg3 Bc6 1-0

[Event "American Continental 14th"]
[Site "Montevideo"]
[Date "2018.06.09"]
[Round "10"]
[White "Januario, Severino Pereira"]
[Black "Manzi, Luiz Antonio Bardao"]
[Result "1-0"]
[WhiteElo "2175"]
[BlackElo "2030"]
[PlyCount "39"]
[EventDate "2018.06.01"]
[EventType "swiss"]
[EventRounds "11"]
[EventCountry "URU"]
[SourceTitle "CBM 184 Extra"]
[Source "ChessBase"]
[SourceDate "2018.06.28"]
[SourceVersion "1"]
[SourceVersionDate "2018.06.28"]
[SourceQuality "1"]

1. e4 Nf6 2. e5 Nd5 3. d4 d6 4. Nf3 dxe5 5. Nxe5 c6 6. Be2 g6 7. 0-0 Bg7 8. c4 Nc7 9. Nc3 0-0 10. Be3 Nd7 11. Nf3 e5 12. h3 Re8 13. Qd2 exd4 14. Bxd4 Nf6 15. Rad1 Bf5 16. Qc1 Qe7 17. Rfe1 Qb4 18. a3 Qb3 19. g4 Be6 20. Nd2 1-0

[Event "Florianopolis op 4th"]
[Site "Florianopolis"]
[Date "2018.01.21"]
[Round "4"]
[White "Januario, Severino Pereira"]
[Black "De Haro, Martim Alfonso"]
[Result "1-0"]
[WhiteElo "2207"]
[BlackElo "1898"]
[PlyCount "87"]
[EventDate "2018.01.19"]
[EventType "swiss"]
[EventRounds "10"]
[EventCountry "BRA"]
[SourceTitle "EXT 2019"]
[Source "ChessBase"]
[SourceDate "2018.10.10"]
[SourceVersion "1"]
[SourceVersionDate "2018.10.10"]
[SourceQuality "1"]

1. e4 e5 2. Nf3 Nc6 3. Bc4 Bc5 4. d3 Nf6 5. 0-0 d6 6. c3 Bb6 7. Nbd2 0-0 8. Re1 a6 9. a4 Ba7 10. Bb3 b5 11. Nf1 Be6 12. Bc2 h6 13. Ng3 Re8 14. d4 Bg4 15. d5 Ne7 16. h3 Bd7 17. Nh4 Ng6 18. Nhf5 Nf4 19. Qf3 Ng6 20. axb5 axb5 21. Be3 Bxe3 22. fxe3 Nh7 23. Rf1 Rxa1 24. Rxa1 Nh4 25. Qf2 Nxf5 26. exf5 Nf6 27. e4 c6 28. dxc6 Bxc6 29. Ra6 Qc8 30. Qb6 Bb7 31. Ra7 Ba8 32. Qxd6 Qb8 33. Qxb8 Rxb8 34. Kf2 Bc6 35. Ke3 Kf8 36. Bb3 Rb7 37. Ra6 Be8 38. Bd5 Nxd5+ 39. exd5 Ke7 40. Ne4 f6 41. Nc5 Rb8 42. d6+ Kd8 43. Ra7 Rb6 44. Ra8+ 1-0

[Event "Brasilia Terraviva op"]
[Site "Brasilia"]
[Date "2018.01.12"]
[Round "3"]
[White "Januario, Severino Pereira"]
[Black "Gazola, Vanessa Ramos"]
[Result "1-0"]
[WhiteElo "2207"]
[BlackElo "2015"]
[PlyCount "93"]
[EventDate "2018.01.11"]
[EventType "swiss"]
[EventRounds "7"]
[EventCountry "BRA"]
[SourceTitle "CBM 182 Extra"]
[Source "ChessBase"]
[SourceDate "2018.02.23"]
[SourceVersion "1"]
[SourceVersionDate "2018.02.23"]
[SourceQuality "1"]

1. d4 d5 2. Nf3 Nf6 3. g3 e6 4. Bg2 Be7 5. 0-0 0-0 6. Nbd2 c5 7. dxc5 Bxc5 8. c4 Nc6 9. a3 a5 10. cxd5 Nxd5 11. Qc2 Be7 12. Rd1 Bd7 13. e4 Nf6 14. Nc4 b5 15. Nce5 Qc8 16. Nxd7 Nxd7 17. Be3 Nce5 18. Rac1 Qxc2 19. Rxc2 Rac8 20. Rdc1 Rxc2 21. Rxc2 Nc4 22. Bd4 e5 23. Bc3 f6 24. Nd2 Ndb6 25. Nxc4 Nxc4 26. Bh3 Kf7 27. Bd7 Rb8 28. Bc6 a4 29. Bd5+ Ke8 30. Bxc4 bxc4 31. Kf1 Kd7 32. Ke2 Kc6 33. f4 exf4 34. gxf4 Rd8 35. Rd2 Rxd2+ 36. Kxd2 Bd6 37. Ke3 g5 38. fxg5 fxg5 39. e5 Bc5+ 40. Ke4 h6 41. Kf5 Kd7 42. e6+ Ke7 43. Bf6+ Ke8 44. h3 Bd6 45. Bg7 Bf8 46. Bxf8 Kxf8 47. Kg6 1-0

[Event "Natal Regiion-ch sf"]
[Site "Natal"]
[Date "2017.11.05"]
[Round "7"]
[White "Januario, Severino Pereira"]
[Black "Souza, Rafael Cabral de"]
[Result "1-0"]
[WhiteElo "2199"]
[BlackElo "2164"]
[PlyCount "45"]
[EventDate "2017.11.02"]
[EventType "swiss"]
[EventRounds "7"]
[EventCountry "BRA"]
[SourceTitle "CBM 181 Extra"]
[Source "ChessBase"]
[SourceDate "2017.12.12"]
[SourceVersion "1"]
[SourceVersionDate "2017.12.12"]
[SourceQuality "1"]

1. d4 Nf6 2. Bg5 Ne4 3. Bf4 c5 4. f3 Nf6 5. dxc5 Qa5+ 6. Qd2 Qxc5 7. e4 d6 8. Nc3 a6 9. 0-0-0 Nbd7 10. Be3 Qc7 11. g4 h6 12. h4 b5 13. Nh3 Nb6 14. g5 hxg5 15. hxg5 Nfd7 16. g6 fxg6 17. Qg2 Ne5 18. Bd4 Nbc4 19. Nd5 Qc6 20. Bxc4 Bxh3 21. Rxh3 Rxh3 22. Bxe5 dxe5 23. Nc7+ 1-0

[Event "Natal Regiion-ch sf"]
[Site "Natal"]
[Date "2017.11.04"]
[Round "5"]
[White "Januario, Severino Pereira"]
[Black "Macedo, Maximo Valerio"]
[Result "1-0"]
[WhiteElo "2199"]
[BlackElo "2036"]
[PlyCount "87"]
[EventDate "2017.11.02"]
[EventType "swiss"]
[EventRounds "7"]
[EventCountry "BRA"]
[SourceTitle "CBM 181 Extra"]
[Source "ChessBase"]
[SourceDate "2017.12.12"]
[SourceVersion "1"]
[SourceVersionDate "2017.12.12"]
[SourceQuality "1"]

1. e4 e5 2. Nf3 Nc6 3. Bb5 a6 4. Ba4 Nf6 5. 0-0 b5 6. Bb3 Be7 7. Re1 0-0 8. d3 d6 9. c3 Na5 10. Bc2 c5 11. Nbd2 Qc7 12. Nf1 Nc6 13. Ng3 Bb7 14. a3 Rfc8 15. Bb3 Nd8 16. d4 c4 17. Bc2 Nc6 18. h3 Bf8 19. Bg5 Ne8 20. Qd2 f6 21. Be3 Ne7 22. Nh2 Bc6 23. Ne2 Rd8 24. d5 Bd7 25. f4 Rdb8 26. f5 a5 27. Nf3 Nc8 28. g4 Be7 29. Kh2 Bd8 30. Rg1 Qb7 31. g5 Bb6 32. gxf6 Nxf6 33. Rg2 Qc7 34. Bxb6 Qxb6 35. Rag1 Ne8 36. Rxg7+ Nxg7 37. Qg5 Qf2+ 38. Rg2 Qxg2+ 39. Qxg2 Kf8 40. f6 Nh5 41. Qg5 Be8 42. Ng3 Nxf6 43. Qxf6+ Bf7 44. Nf5 1-0

[Event "Natal Regiion-ch sf"]
[Site "Natal"]
[Date "2017.11.03"]
[Round "4"]
[White "Guimaraes, Diogo Duarte"]
[Black "Januario, Severino Pereira"]
[Result "1-0"]
[WhiteElo "2280"]
[BlackElo "2199"]
[PlyCount "111"]
[EventDate "2017.11.02"]
[EventType "swiss"]
[EventRounds "7"]
[EventCountry "BRA"]
[SourceTitle "CBM 181 Extra"]
[Source "ChessBase"]
[SourceDate "2017.12.12"]
[SourceVersion "1"]
[SourceVersionDate "2017.12.12"]
[SourceQuality "1"]

1. e4 e5 2. Nf3 Nc6 3. Bb5 a6 4. Ba4 Nf6 5. 0-0 Be7 6. d3 b5 7. Bb3 d6 8. c3 0-0 9. h3 Bb7 10. Nbd2 Nb8 11. Qe2 Nbd7 12. Rd1 c5 13. Nf1 Qc7 14. Ng3 Rfc8 15. Ng5 c4 16. dxc4 bxc4 17. Bc2 h6 18. Nf3 Nc5 19. b4 cxb3 20. axb3 Ne6 21. c4 Bf8 22. Nf5 Nc5 23. Nd2 g6 24. Ne3 Nfxe4 25. Nxe4 Nxe4 26. Bxe4 Bxe4 27. Ng4 Bb7 28. Nxh6+ Kh7 29. Ng4 Qe7 30. h4 Bg7 31. Bg5 f6 32. Bc1 Rd8 33. Ne3 Qf7 34. Nd5 Re8 35. Rd3 e4 36. Rd1 Rad8 37. Ra2 Re5 38. Bf4 Re6 39. Rad2 Ree8 40. Ne3 Bf8 41. Qg4 Bc8 42. Qg3 Qb7 43. Nd5 Bg7 44. Bxd6 e3 45. Nxe3 Qxb3 46. Rd3 Qb7 47. c5 Be6 48. Qf4 a5 49. Ra1 Qb5 50. Rda3 Ra8 51. h5 g5 52. Qe4+ f5 53. Nxf5 Bxf5 54. Qxf5+ Kh8 55. Qxg5 Bxa1 56. Qh6+ 1-0

[Event "Luiz Rego Memorial 5th"]
[Site "Teresina"]
[Date "2017.08.06"]
[Round "5"]
[White "Januario, Severino Pereira"]
[Black "Macedo, Maximo Iack Miranda"]
[Result "1-0"]
[WhiteElo "2178"]
[BlackElo "2364"]
[PlyCount "37"]
[EventDate "2017.08.04"]
[EventType "swiss"]
[EventRounds "6"]
[EventCountry "BRA"]
[SourceTitle "CBM 180 Extra"]
[Source "ChessBase"]
[SourceDate "2017.10.06"]
[SourceVersion "1"]
[SourceVersionDate "2017.10.06"]
[SourceQuality "1"]

1. e4 e5 2. d4 d5 3. exd5 exd4 4. Nf3 Nc6 5. Bd3 Nb4 6. Bb5+ c6 7. Ba4 Bd6 8. Bg5 f6 9. Be3 Ne7 10. c3 Na6 11. Qd2 Bg4 12. Bd1 Qc7 13. h3 Bh5 14. b4 0-0 15. Na3 Rac8 16. 0-0 f5 17. Ne5 Bxd1 18. Raxd1 Bxe5 19. cxd4 1-0

[Event "Luiz Rego Memorial 5th"]
[Site "Teresina"]
[Date "2017.08.05"]
[Round "4"]
[White "Januario, Severino Pereira"]
[Black "Librelato, Kathie Goulart"]
[Result "1-0"]
[WhiteElo "2178"]
[BlackElo "2048"]
[PlyCount "93"]
[EventDate "2017.08.04"]
[EventType "swiss"]
[EventRounds "6"]
[EventCountry "BRA"]
[SourceTitle "CBM 180 Extra"]
[Source "ChessBase"]
[SourceDate "2017.10.06"]
[SourceVersion "1"]
[SourceVersionDate "2017.10.06"]
[SourceQuality "1"]

1. d4 Nf6 2. Nf3 g6 3. c4 Bg7 4. Nc3 0-0 5. e4 d6 6. Be2 Na6 7. 0-0 e5 8. Re1 Qe8 9. Bf1 Bg4 10. d5 Nb4 11. Be2 a5 12. h3 Bd7 13. Bg5 Kh8 14. Nd2 Ng8 15. Bf1 f5 16. f3 Nf6 17. Be3 Nh5 18. c5 Qe7 19. cxd6 cxd6 20. Nc4 Bf6 21. Qd2 Bh4 22. Rec1 f4 23. Bf2 Bxf2+ 24. Qxf2 Ng3 25. Nb6 Rad8 26. Nxd7 Rxd7 27. Bb5 Rc7 28. a3 Na6 29. Bxa6 bxa6 30. Ne2 Rb8 31. Nxg3 fxg3 32. Qxg3 Rxb2 33. Rxc7 Qxc7 34. Qg5 Rc2 35. Qf6+ Kg8 36. Kh2 Qb6 37. Rg1 Qc5 38. a4 Ra2 39. h4 Qc7 40. Qg5 Rxa4 41. Rc1 Rc4 42. Rxc4 Qxc4 43. Qd8+ Kg7 44. Qxd6 Qd4 45. Qe7+ Kh6 46. Qf8+ Kh5 47. g4+ 1-0

[Event "Luiz Rego Memorial 5th"]
[Site "Teresina"]
[Date "2017.08.04"]
[Round "1"]
[White "Monteiro, Luis Felipe Furtado"]
[Black "Januario, Severino Pereira"]
[Result "0-1"]
[WhiteElo "1831"]
[BlackElo "2178"]
[PlyCount "56"]
[EventDate "2017.08.04"]
[EventType "swiss"]
[EventRounds "6"]
[EventCountry "BRA"]
[SourceTitle "CBM 180 Extra"]
[Source "ChessBase"]
[SourceDate "2017.10.06"]
[SourceVersion "1"]
[SourceVersionDate "2017.10.06"]
[SourceQuality "1"]

1. e4 c5 2. Nf3 Nc6 3. d4 cxd4 4. Nxd4 Nf6 5. Nc3 d6 6. f3 e6 7. Be3 Be7 8. Qd2 a6 9. g4 Bd7 10. 0-0-0 Rc8 11. Kb1 Nxd4 12. Qxd4 Bc6 13. h4 0-0 14. h5 Ne8 15. Bh3 Qa5 16. Bd2 Qc5 17. Qd3 Nc7 18. Be3 Qa5 19. Bd2 Qc5 20. Be3 Qb4 21. g5 Nb5 22. Bd2 Na3+ 23. Ka1 Nc4 24. Rb1 Nxd2 25. Qxd2 Bd7 26. Rbg1 Rc5 27. g6 Bf6 28. Nd1 Qxd2 0-1

[Event "Florianopolis zt 2.4"]
[Site "Florianopolis"]
[Date "2017.04.27"]
[Round "2"]
[White "Januario, Severino Pereira"]
[Black "Matsuura, Everaldo"]
[Result "1/2-1/2"]
[WhiteElo "2196"]
[BlackElo "2481"]
[PlyCount "112"]
[EventDate "2017.04.26"]
[EventType "swiss"]
[EventRounds "9"]
[EventCountry "BRA"]
[SourceTitle "CBM 178 Extra"]
[Source "ChessBase"]
[SourceDate "2017.06.22"]
[SourceVersion "1"]
[SourceVersionDate "2017.06.22"]
[SourceQuality "1"]

1. d4 d5 2. c4 c6 3. cxd5 cxd5 4. Nc3 Nf6 5. Bf4 Nc6 6. e3 a6 7. Nf3 Bf5 8. Bd3 Bxd3 9. Qxd3 e6 10. h3 Rc8 11. 0-0 Na5 12. Rac1 Be7 13. Bg5 0-0 14. Bxf6 Bxf6 15. Ne2 Qb6 16. b3 Nc6 17. Nf4 Be7 18. Qe2 Ba3 19. Rc2 Nb4 20. Rxc8 Rxc8 21. Ne5 Qd6 22. Rd1 Nc6 23. Nfd3 Nxe5 24. Nxe5 Qc7 25. Nd3 Qc2 26. Qd2 a5 27. Kf1 f6 28. g3 Kf7 29. Qe2 Qxe2+ 30. Kxe2 Ke7 31. Rd2 Kd6 32. Kd1 Rc3 33. f4 h5 34. g4 h4 35. Ke2 b6 36. Kd1 Kd7 37. Ke2 Ke7 38. Kd1 Kd6 39. Ke2 Kd7 40. Kd1 b5 41. Ke2 Kd6 42. Kd1 Bb4 43. Ke2 Rc7 44. Rb2 Ba3 45. Rd2 Bc1 46. Nxc1 Rxc1 47. Rd1 Rc2+ 48. Rd2 Rc1 49. Rd1 Rc2+ 50. Rd2 Rc3 51. Rd3 Rc6 52. Rd1 e5 53. dxe5+ fxe5 54. f5 Rc2+ 55. Rd2 Rc1 56. Rd1 Rc2+ 1/2-1/2

[Event "Florianopolis op 3rd"]
[Site "Florianopolis"]
[Date "2017.01.25"]
[Round "8"]
[White "Januario, Severino Pereira"]
[Black "Kanzler, Karina Daniela"]
[Result "1-0"]
[WhiteElo "2187"]
[BlackElo "1850"]
[PlyCount "67"]
[EventDate "2017.01.20"]
[EventType "swiss"]
[EventRounds "10"]
[EventCountry "BRA"]
[SourceTitle "CBM 176 Extra"]
[Source "ChessBase"]
[SourceDate "2017.03.02"]
[SourceVersion "1"]
[SourceVersionDate "2017.03.02"]
[SourceQuality "1"]

1. Nf3 Nf6 2. g3 Nc6 3. d4 d5 4. Bg2 Bf5 5. 0-0 Qd7 6. Re1 Bh3 7. Bh1 Ne4 8. c4 e6 9. cxd5 exd5 10. Nc3 Nxc3 11. bxc3 Be7 12. Ng5 Be6 13. Nxe6 fxe6 14. e4 0-0-0 15. Qa4 a6 16. Rb1 h5 17. Be3 h4 18. exd5 exd5 19. c4 hxg3 20. fxg3 Qh3 21. Re2 Qg4 22. Qd1 Bd6 23. Reb2 Qh3 24. Bf3 Rd7 25. Bg4 Qh7 26. Bxd7+ Kxd7 27. Qg4+ Kd8 28. Bg5+ Ne7 29. c5 Bxg3 30. Qxg3 Qe4 31. Bxe7+ Qxe7 32. Rxb7 Rh4 33. Rb8+ Kd7 34. c6+ 1-0

[Event "Florianopolis op 3rd"]
[Site "Florianopolis"]
[Date "2017.01.21"]
[Round "2"]
[White "Januario, Severino Pereira"]
[Black "Rodriguez Vila, Andres"]
[Result "0-1"]
[WhiteElo "2187"]
[BlackElo "2468"]
[PlyCount "84"]
[EventDate "2017.01.20"]
[EventType "swiss"]
[EventRounds "10"]
[EventCountry "BRA"]
[SourceTitle "CBM 176 Extra"]
[Source "ChessBase"]
[SourceDate "2017.03.02"]
[SourceVersion "1"]
[SourceVersionDate "2017.03.02"]
[SourceQuality "1"]

1. d4 e6 2. Nf3 c5 3. g3 d5 4. Bg2 Nf6 5. 0-0 cxd4 6. Nxd4 e5 7. Nb3 Nc6 8. Nc3 d4 9. Nb1 Bg4 10. c3 Be7 11. cxd4 exd4 12. N1d2 Qd7 13. Nf3 Rd8 14. Bg5 0-0 15. Bxf6 Bxf6 16. Nc5 Qf5 17. Nd3 Rfe8 18. Re1 Re7 19. Rc1 Rde8 20. Rc2 h6 21. a3 a5 22. Rc5 Qd7 23. Qc2 Bf5 24. Kf1 Be4 25. Ng1 Bxg2+ 26. Kxg2 Re6 27. Nf3 g5 28. Qd2 b6 29. Rc2 g4 30. Ng1 Bg5 31. Qd1 Qd5+ 32. f3 Rf6 33. Rf1 Be3 34. Nf2 Bxf2 35. Rxf2 Ne5 36. Rd2 Nc4 37. Rd3 Nxb2 38. Qb3 Qxb3 39. Rxb3 Nc4 40. Rf1 Ne3+ 41. Kf2 Nxf1 42. Kxf1 Re3 0-1

[Event "Florianopolis op 3rd"]
[Site "Florianopolis"]
[Date "2017.01.21"]
[Round "3"]
[White "Reichert, Thiago da Cruz"]
[Black "Januario, Severino Pereira"]
[Result "1/2-1/2"]
[WhiteElo "1980"]
[BlackElo "2187"]
[PlyCount "111"]
[EventDate "2017.01.20"]
[EventType "swiss"]
[EventRounds "10"]
[EventCountry "BRA"]
[SourceTitle "CBM 176 Extra"]
[Source "ChessBase"]
[SourceDate "2017.03.02"]
[SourceVersion "1"]
[SourceVersionDate "2017.03.02"]
[SourceQuality "1"]

1. d4 Nf6 2. c4 e6 3. Nf3 d5 4. e3 Be7 5. Nc3 0-0 6. Bd3 dxc4 7. Bxc4 a6 8. a4 c5 9. 0-0 Nc6 10. dxc5 Bxc5 11. h3 Qe7 12. e4 Rd8 13. Qe2 h6 14. e5 Nh7 15. Ne4 Bb4 16. Be3 Bd7 17. Bb6 Rdc8 18. a5 Na7 19. Rfd1 Nb5 20. Nd4 Nxd4 21. Rxd4 Bc6 22. Rad1 Nf8 23. Nd6 Bxd6 24. exd6 Qd7 25. Rg4 Kh8 26. Bc7 Re8 27. Rd3 f5 28. Rgg3 e5 29. Rd2 Rac8 30. Rc3 Nh7 31. Bd5 Bxd5 32. Rxd5 e4 33. Rcc5 Rf8 34. Qe3 Ng5 35. Qc3 Ne6 36. Rc4 Nf4 37. Rd2 Ne6 38. Rc2 Rf7 39. Qe5 Re8 40. Qd5 Kh7 41. Qxb7 Qxd6 42. Bxd6 Rxb7 43. b4 Rd8 44. Bc5 Nf4 45. Bb6 Rd1+ 46. Kh2 Nd5 47. Bc5 Rb1 48. Rd2 Nxb4 49. Bxb4 R1xb4 50. Rxb4 Rxb4 51. Rd6 Rb2 52. Kg1 Rb1+ 53. Kh2 Rb2 54. Kh1 Rb1+ 55. Kh2 Rb2 56. Kg1 1/2-1/2

[Event "Florianopolis op 2nd"]
[Site "Florianopolis"]
[Date "2016.01.19"]
[Round "5"]
[White "Ribeiro, Jose Joselito"]
[Black "Januario, Severino Pereira"]
[Result "0-1"]
[WhiteElo "1896"]
[BlackElo "2209"]
[PlyCount "104"]
[EventDate "2016.01.16"]
[EventType "swiss"]
[EventRounds "10"]
[EventCountry "BRA"]
[SourceTitle "CBM 170 Extra"]
[Source "ChessBase"]
[SourceDate "2016.02.25"]
[SourceVersion "1"]
[SourceVersionDate "2016.02.25"]
[SourceQuality "1"]

1. e4 e5 2. Nf3 Nc6 3. Bc4 Bc5 4. b4 Bxb4 5. c3 Be7 6. d4 Na5 7. Bd3 exd4 8. cxd4 d6 9. Nc3 c6 10. 0-0 Nf6 11. h3 b6 12. Bf4 Be6 13. Qe2 d5 14. e5 Nh5 15. Bh2 g6 16. Nd2 Qd7 17. Rac1 Ng7 18. f4 h5 19. Nf3 Bf5 20. Ba6 Kf8 21. Bd3 Bxd3 22. Qxd3 Nc4 23. Ng5 Nf5 24. Ne2 Kg7 25. Bg3 b5 26. Bf2 h4 27. Nc3 Rae8 28. Rce1 Bd8 29. Rb1 a5 30. Rfe1 Rh5 31. Nf3 Nh6 32. Qd1 Nf5 33. Qd3 Be7 34. Nh2 Rhh8 35. Ng4 Rb8 36. Kh2 Qe6 37. Kg1 a4 38. Kh2 a3 39. Nd1 b4 40. Kg1 Rb7 41. Rb3 Rhb8 42. Kh2 Bd8 43. Kh1 Na5 44. Rb1 b3 45. Nc3 Be7 46. Ne3 Nxe3 47. Bxe3 Nc4 48. axb3 Rxb3 49. Rxb3 Rxb3 50. Re2 Qf5 51. Qxf5 gxf5 52. Nd1 Rb1 0-1

[Event "Blumenau Region-ch sf"]
[Site "Blumenau"]
[Date "2015.10.31"]
[Round "4"]
[White "Martins, Carlos"]
[Black "Januario, Severino Pereira"]
[Result "1-0"]
[WhiteElo "2238"]
[BlackElo "2203"]
[PlyCount "77"]
[EventDate "2015.10.30"]
[EventType "swiss"]
[EventRounds "7"]
[EventCountry "BRA"]
[SourceTitle "CBM 169 Extra"]
[Source "ChessBase"]
[SourceDate "2015.12.18"]
[SourceVersion "1"]
[SourceVersionDate "2015.12.18"]
[SourceQuality "1"]

1. e4 c5 2. Nf3 e6 3. d4 cxd4 4. Nxd4 Nc6 5. Nc3 Qc7 6. Be3 a6 7. Qd2 Nf6 8. f4 d6 9. Be2 Bd7 10. 0-0-0 Nxd4 11. Bxd4 e5 12. Be3 Bc6 13. Bf3 Be7 14. g4 Nd7 15. f5 h5 16. g5 0-0-0 17. h4 Nb6 18. b3 Kb8 19. Qf2 Nd7 20. Nd5 Bxd5 21. Rxd5 Qc3 22. Kb1 Rc8 23. Rc1 Qc6 24. Rcd1 Rc7 25. R1d3 b6 26. Qe2 Kb7 27. Qd1 a5 28. c4 Nc5 29. Bxc5 bxc5 30. Bxh5 g6 31. fxg6 fxg6 32. Bxg6 Rxh4 33. Bf7 Qb6 34. g6 Bf8 35. Rxd6 Bxd6 36. Rxd6 Qb4 37. g7 Rg4 38. Qxg4 Rxf7 39. Rd7+ 1-0